000 00846nam a2200241 i 4500
001 42559
003 ES-MaACL
005 20251009190533.0
007 t|
008 030407s2001 sp ||||1| spa d
020 _a84-932414-1-5
080 _a327(460-32:8=134)
245 0 4 _aLas comunidades autónomas españolas y América Latina
_b: una nueva dimensión de la conexión Iberoamericana /
_cChristian Freres y Antonio Sanz (editores).
260 _aMadrid :
_bA.V. Sociedad Editorial Síntesis,
_c[2002]
300 _a408 p. ;
_c24 cm.
504 _aBibliografía.
651 4 _aEspaña-
_xRelaciones-
_zAmérica Latina
_98454
700 1 _aFreres, Christian.
_952523
700 1 _aSanz Trillo, Antonio
_9103564
852 _aES-MaACL
_jL-26156
_bR.131838
852 _aES-MaACL
_jL-26591
_bR.132291
999 _c42559
_d42559